Statistics for Countries of the World Known by Their Official Names

Click here to take the quiz!

General Stats

  • This quiz has been taken 26 times
  • The average score is 20 of 31

Answer Stats

ContinentCountry% Correct
North AmericaCanada
83%
North AmericaDominican Republic
83%
AsiaJapan
83%
EuropeIceland
78%
OceaniaNew Zealand
78%
North AmericaSaint Lucia
78%
EuropeHungary
74%
EuropeIreland
74%
North AmericaSaint Vincent and the Grenadines
74%
North AmericaJamaica
70%
OceaniaTuvalu
70%
EuropeUkraine
70%
North AmericaAntigua and Barbuda
65%
North AmericaBarbados
65%
North AmericaBelize
65%
AfricaDemocratic Republic of the Congo
65%
EuropeRomania
65%
EuropeBosnia and Herzegovina
61%
AfricaCentral African Republic
61%
EuropeCzech Republic
61%
AsiaGeorgia
61%
AfricaRepublic of the Congo
61%
AsiaUnited Arab Emirates
61%
OceaniaFederated States of Micronesia
57%
AsiaMalaysia
57%
OceaniaSolomon Islands
57%
North AmericaGrenada
52%
EuropeMontenegro
52%
AsiaMongolia
48%
AfricaBurkina Faso
43%
AsiaTurkmenistan
39%

Score Distribution

Percentile by Number Answered

Percent of People with Each Score

Your Score History

You have not taken this quiz